000 00301nam a22001337a 4500
008 181105b xxu||||| |||| 00| 0 eng d
020 _a9780340662175
041 _aeng
080 _a821
100 _a24
101 _aGJU
245 _aIntroductory Phonectics Phonology
_cMike.D
942 _2udc
_cBK
999 _c51780
_d51780